Responses for Show #4455 - Friday, January 9, 2004

Tom Walsh game 5.

Contestants

[<< previous game]

A.J. Monaco, a law student originally from Newark, New Jersey

Jennifer Rojo, a library clerk from Long Beach, California

Tom Walsh, a writer from Washington, D.C. (whose 4-day cash winnings total $84,500)

[next game >>]

Jeopardy! Round responses

AH, SWEET MISTER"E"
POP MUSIC PAIRINGS
GOING TO THE DOGS
THE PRESIDENT'S ON TV!
RITE ON!
WHEEL OF JEOPARDY!
    $200 1
Ellery

Jennifer
    $200 3
The Mamas

Jennifer
    $200 26
husky

Tom
    $200 11
he would not run for re-election

Tom
    $200 21
maid of honor

Jennifer
    $200 16
missing link

Jennifer
    $400 2
Clint Eastwood

Jennifer
    $400 4
The Captain

Tom
    $400 27
hair of the dog

A.J.
    $400 12
(A.J.: What is Kuwait?)

Iraq

TomA.J.
    $400 22
Islam

Tom
    $400 17
death and taxes

A.J.
    $600 8
the Edgar

Jennifer
    $600 5
Paul McCartney

Jennifer
    $600 28
Chihuahua

Jennifer
    $600 13
the crew of the Challenger

Tom
    $600 23
housewarming

Jennifer
    $600 18
(Jennifer: What is more happy returns?)
...
(Tom: "Spin Wheel Spin" for $800!)

many happy returns

TomJennifer
    $800 9
Bret Easton Ellis

Tom
    $800 6
Bill Haley

Jennifer
    $800 29
Led Zeppelin

A.J.
    $800 14
Dwight D. Eisenhower

A.J.
    $800 24
(Jennifer: What is tea?)

harakiri

Jennifer
Triple Stumper
    $800 19
keep your chin up

Jennifer
    $1000 10
James Ellroy

A.J.
    $1000 7
Derek

Tom
    $1000 30
(A.J.: What is a French poodle?)

German shepherd

A.J.
Triple Stumper
    $1,400 15
(A.J.: What is February 1963?)

October 1962

A.J.
    $1000 25
(Alex: We have one minute for the last category.)

Sadie Hawkins Dance

A.J.
    $1000 20
goldfish bowl

Triple Stumper

Scores at the first commercial break (after clue 15):

Tom Jennifer A.J.
$3,400 $2,800 $0

Scores at the end of the Jeopardy! Round:

Tom Jennifer A.J.
$4,600 $3,800 $1,600

Double Jeopardy! Round responses

AH, SWEDE MYSTERY
THE GENE POOL
INSTRUMENTAL
GO FORTH ON AUGUST FOURTH
NATIVE AMERICAN TRIBES
10-LETTER "W"ORDS
    $400 6
Stockholm

A.J.
    $400 21
Gene Wilder

Tom
    $400 11
Jew's harp

Tom
    $400 16
Anne Frank

Tom
    $400 26
Navajo

Tom
    $400 1
(A.J.: What are weekdays?)

weeknights

TomA.J.
    $800 7
lake

Triple Stumper
    $800 22
Gene Simmons

Jennifer
    $800 12
organ grinder

Jennifer
    $800 17
Lizzie Borden

Jennifer
    $800 27
(A.J.: Who are the Hopis?)

the Apache

TomA.J.
    $800 2
watermelon

A.J.
    $1200 8
(Jennifer: Who is Lech Walesa?)
(Alex: Lech Walesa was Polish.)

Olof Palme

TomJennifer
    $1200 23
Gene Autry

A.J.
    $1200 13
steel guitar

Tom
    $1200 18
the Virgin Islands

A.J.
    $1,000 28
Comanche

Tom
    $1200 3
weatherman

A.J.
    $1600 9
au pair

A.J.
    $1600 24
Gene Krupa

Tom
    $1600 14
player piano

Tom
    $1600 19
Energy

A.J.
    $1600 29
the Cherokee

Jennifer
    $1600 4
(A.J.: What is a wagoneer?)

Wainwright

TomA.J.
    $2000 10
Raoul Wallenberg

Tom
    $2000 25
Gene Roddenberry

Tom
    $2000 15
Drumline

Tom
    $4,400 20
William Faulkner

A.J.
    $2000 30
the Seminole

A.J.
    $2000 5
Wilderness

Tom

Scores at the end of the Double Jeopardy! Round:

Tom Jennifer A.J.
$23,600 $6,600 $13,200

[wagering suggestions for these scores]

Final Jeopardy! Round responses

CURRENT WORLD LEADERS
(Alex: His son was named for Gamal Abdel Nasser.)
JenniferWho is it??
$6,600
A.J.Who is Arafat?
$13,199
TomWho is Mubarak?
$10,000
Hosni Mubarak

Final scores:

Tom Jennifer A.J.
$33,600 $0 $1
5-day champion: $118,100 3rd place: $1,000 2nd place: $2,000

Game dynamics:

Coryat scores:

Tom Jennifer A.J.
$23,800 $6,600 $12,200
25 R
(including 1 DD),
0 W
15 R,
3 W
15 R
(including 1 DD),
6 W
(including 1 DD)

Combined Coryat: $42,600

[game clues] [game scores] [suggest correction]

Game tape date: 2003-10-29
The J! Archive is created by fans, for fans. Scraping, republication, monetization, and malicious use prohibited; this site may use cookies and collect identifying information. See terms. The Jeopardy! game show and all elements thereof, including but not limited to copyright and trademark thereto, are the property of Jeopardy Productions, Inc. and are protected under law. This website is not affiliated with, sponsored by, or operated by Jeopardy Productions, Inc. Join the discussion at JBoard.tv.